[Event "GER-ch U08"]
[Site "Willingen"]
[Date "2023.06.01"]
[Round "4"]
[White "Sander, Tino"]
[Black "Roscher, Simon"]
[Result "1-0"]
[WhiteElo "923"]
[BlackElo "1051"]
[PlyCount "65"]
[EventDate "2023.05.30"]
[EventType "swiss"]
[EventRounds "7"]
[EventCountry "GER"]
[SourceTitle "CBM 214 Extra"]
[Source "ChessBase"]
[SourceDate "2023.07.31"]
[SourceVersion "1"]
[SourceVersionDate "2023.07.31"]
[SourceQuality "1"]

1. e4 d5 2. exd5 Nf6 3. Nf3 Nxd5 4. Nc3 Nb6 5. d4 Nc6 6. Be3 e6 7. a3 Bd6 8. Bb5 Bd7 9. Bd3 0-0 10. Qd2 a6 11. Bf4 Re8 12. Ne5 Qh4 13. Bg5 Qxd4 14. Nxc6 Bxc6 15. Bxh7+ Kxh7 16. Qxd4 Rad8 17. Qh4+ Kg8 18. Bxd8 Rxd8 19. Qxd8+ Kh7 20. f3 a5 21. Ne4 Bxe4 22. fxe4 Bc5 23. Rf1 Na4 24. Rxf7 Kg6 25. Qd7 Nxb2 26. Rxg7+ Kf6 27. Ke2 Be7 28. Qxe7+ Ke5 29. Rg5+ Kf4 30. Rf1+ Kxe4 31. Qxe6+ Kd4 32. Rf4+ Kc3 33. Qb3# 1-0

[Event "GER-ch U08"]
[Site "Willingen"]
[Date "2023.05.31"]
[Round "2"]
[White "Merle, Atreyu Lukas"]
[Black "Sander, Tino"]
[Result "1-0"]
[WhiteElo "1081"]
[BlackElo "923"]
[PlyCount "81"]
[EventDate "2023.05.30"]
[EventType "swiss"]
[EventRounds "7"]
[EventCountry "GER"]
[SourceTitle "CBM 214 Extra"]
[Source "ChessBase"]
[SourceDate "2023.07.31"]
[SourceVersion "1"]
[SourceVersionDate "2023.07.31"]
[SourceQuality "1"]

1. e4 e5 2. Nf3 Nc6 3. Bc4 Bc5 4. c3 Nf6 5. d4 exd4 6. cxd4 Bb4+ 7. Nc3 Nxe4 8. 0-0 Nxc3 9. bxc3 Bxc3 10. Ba3 Bxa1 11. Re1+ Ne7 12. Rxe7+ Qxe7 13. Bxe7 Kxe7 14. Qxa1 Re8 15. Qe1+ Kf8 16. Qb4+ Kg8 17. Ng5 Rf8 18. Qe7 d5 19. Bxd5 Be6 20. Bxb7 Rab8 21. Nxe6 fxe6 22. Qxe6+ Kh8 23. Qd5 Rfc8 24. g3 Rd8 25. Qe4 Re8 26. Qc6 Re7 27. d5 h6 28. a4 a5 29. Qc5 Re1+ 30. Kg2 Rxb7 31. Qxa5 Rb6 32. Qxe1 Rd6 33. a5 Kh7 34. h3 c6 35. dxc6 Rxc6 36. Qe4+ Rg6 37. a6 h5 38. a7 h4 39. a8Q hxg3 40. fxg3 Kh6 41. Qh4# 1-0